A librarian looks at readers ; observation for book selection and personal service.

Bibliographic Details
Main Author: Savage, Ernest Albert, 1877-1966
Format: Book
Language:English
Published: [London?] : Library Association, 1950.
Edition:2d ed.,
Subjects:

MARC

Tag First Indicator Second Indicator Subfields
LEADER 00000cam a2200000 4500
001 in00000051973
005 20151007080231.0
008 800423s1950 enk 00000 eng
010 |a  51002501  
035 |a (OCoLC)06238108 
035 |9 AAF4466AM 
040 |a DLC  |c TXA  |d UtOrBLW 
049 |a TXAM  |c [222063] 
050 0 |a Z1003  |b .S28 1950 
082 0 |a 028 
092 |a 028  |b S2632 
100 1 |a Savage, Ernest Albert,  |d 1877-1966. 
245 1 2 |a A librarian looks at readers ;  |b observation for book selection and personal service. 
250 |a 2d ed.,  |b with 2 additional chapters. 
264 1 |a [London?] :  |b Library Association,  |c 1950. 
300 |a 266 pages ;  |c 22 cm. 
336 |a text  |b txt  |2 rdacontent 
337 |a unmediated  |b n  |2 rdamedia 
338 |a volume  |b nc  |2 rdacarrier 
650 0 |a Books and reading. 
999 |a MARS 
999 f f |s 11a292ed-07d8-3f0b-aa0f-88e8b7fffb0d  |i cfd4502d-66f1-3f4b-8de1-4f4fdc5ec089  |t 0 
952 f f |p ric  |a Texas A&M University  |b Rellis Campus  |c Joint Library Facility  |d Remote Storage  |t 0  |e Z1003 S28 1950  |h Library of Congress classification  |i unmediated -- volume  |m A14826538874 
998 f f |a Z1003 S28 1950  |t 0  |l Remote Storage